000 00335nam a2200133Ia 4500
008 221030s9999 xx 000 0 und d
041 _aEnglish
082 _a105.23
100 _aN Subramanian
245 0 _aIntroduction to Computers Vol. 1 Fund. Of Computer Science
_cby N Subramanian
260 _c0
650 _aMc
942 _cBK
999 _c10703
_d10703